Contribuciones de la medicina española al mundo / (Record no. 197974)

MARC details
000 -LEADER
campo de control de longitud fija 03727nam a2200361 i 4500
001 - NÚMERO DE CONTROL
campo de control 197974
003 - IDENTIFICADOR DE NÚMERO DE CONTROL
campo de control ES-MaACL
005 - FECHA Y HORA DE LA ÚLTIMA TRANSACCIÓN
campo de control 20260215063018.0
007 - CAMPO FIJO DE DESCRIPCIÓN FÍSICA--INFORMACIÓN GENERAL
campo de control de longitud fija ta
008 - DATOS DE LONGITUD FIJA--INFORMACIÓN GENERAL
campo de control de longitud fija 251121s2025 sp a 001 0 d
017 ## - NÚMERO DE COPYRIGHT O DE DEPÓSITO LEGAL
Número de copyright o de depósito legal M 21991-2025
Agencia que asigna Oficina DL Madrid
020 ## - NÚMERO INTERNACIONAL ESTÁNDAR DEL LIBRO
Número Internacional Estándar del Libro 978-84-414-4458-4
040 ## - FUENTE DE CATALOGACIÓN
Centro catalogador/agencia de origen ES-MaACL
Normas de descripción rda
Lengua de catalogación spa
Centro/agencia transcriptor ES-MaACL
080 ## - NÚMERO DE LA CLASIFICACIÓN DECIMAL UNIVERSAL
Número de la Clasificación Decimal Universal 61(091)
130 0# - ENTRADA PRINCIPAL--TÍTULO UNIFORME
Título uniforme Contribuciones de la Medicina Española al Mundo
9 (RLIN) 242531
245 10 - MENCIÓN DEL TÍTULO
Título Contribuciones de la medicina española al mundo /
Mención de responsabilidad, etc. Miguel Á. Cuesta Valentín, Francisco Mateo Vallejo (coords.)
264 #1 - PRODUCCIÓN, PUBLICACIÓN, DISTRIBUCIÓN, FABRICACIÓN Y COPYRIGHT
Producción, publicación, distribución, fabricación y copyright Madrid ;
-- México ;
-- Buenos Aires ;
-- Santiago de Chile :
Nombre del de productor, editor, distribuidor, fabricante Edaf,
Fecha de producción, publicación, distribución, fabricación o copyright 2025
264 #4 - PRODUCCIÓN, PUBLICACIÓN, DISTRIBUCIÓN, FABRICACIÓN Y COPYRIGHT
Fecha de producción, publicación, distribución, fabricación o copyright ©2025
300 ## - DESCRIPCIÓN FÍSICA
Extensión 572 páginas :
Otras características físicas ilustraciones ;
Dimensiones 23 cm
336 ## - TIPO DE CONTENIDO
Término de tipo de contenido Texto
Fuente rdacontent
337 ## - TIPO DE MEDIO
Nombre/término del tipo de medio sin mediación
Fuente rdamedia
338 ## - TIPO DE SOPORTE
Nombre/término del tipo de soporte volumen
Fuente rdacarrier
500 ## - NOTA GENERAL
Nota general Ejemplar firmado y dedicado por los coordinadores
520 3# - RESUMEN, ETC.
Sumario, etc. Una historia de la medicina, desde la Antigüedad a nuestros días, que pone de relieve las aportaciones que médicos, bioquímicos y farmacólogos españoles han realizado al mundo científico internacional.Contribuciones de la medicina española al mundo, de los doctores Miguel A. cuesta y Francisco Mateo, tiene como objetivo resaltar y dar el lugar merecido a todos los que han aportado conocimientos trascendentes y que han marcado hitos históricos en el desarrollo de la medicina y las ciencias afines.Esta obra recoge una selección de 41 personajes, unas historias fascinantes y reveladoras, gracias a la ayuda de profesionales excepcionales con experiencia en la escritura y elaboración de biografías de personajes de gran relevancia en la historia.Los grandes descubrimientos que han marcado el avance de la medicina en diversos campos, desde la época islámico-judía y el esplendor del Renacimiento hasta el fervor idealista de la Contrarreforma. Las más notables expediciones marítimas, como la de Balmis, que surcaron los océanos para llevar las recién descubiertas vacunas a los confines del mundo.El nacimiento de las primeras escuelas de cirugía en España, en el descubrimiento de nuevas estructuras anatómicas y en la invención de la laringoscopia, concebida en París para desvelar los secretos de la voz de las cantantes de ópera. Exploraremos los albores de la cirugía vascular de manos de San Martín y Goyanes.Los descubrimientos pioneros en neurociencia de Ramón y Cajal y su escuela, seguidos años más tarde por Rafael Yuste y su equipo.Los novedosos hallazgos sobre enzimas de la escuela de Severo Ochoa, necesarios y determinantes para la síntesis de ARN y ADNLas más modernas y avanzadas aportaciones de cardiólogos de renombre mundial, como los hermanos Brugada y Valentín Fuster…Además, evoca la investigación sobre el origen de la vida de Joan Oró y los estudios contemporáneos sobre genética y envejecimiento celular de García Bellido e Izpisúa. Sin olvidar el destacable papel de la Urología y la Oftalmología española al mundo, para concluir el recorrido de esta obra con la labor de dos grandes oncólogos de prestigio internacional: José Baselga y Josep Llovet. (Editorial)
650 #4 - PUNTO DE ACCESO ADICIONAL DE MATERIA--TÉRMINO DE MATERIA
Término de materia o nombre geográfico como elemento de entrada Medicina-
Subdivisión de forma Historia
9 (RLIN) 14907
700 #4 - ENTRADA AGREGADA--NOMBRE PERSONAL
Nombre de persona Cuesta Valentín, Miguel Ángel
Relación pbd
9 (RLIN) 242532
Término indicativo de función/relación Director de publicación
700 #4 - ENTRADA AGREGADA--NOMBRE PERSONAL
Nombre de persona Mateo Vallejo, Mateo
Relación pbd
9 (RLIN) 242533
Término indicativo de función/relación Director de publicación
852 ## - LOCALIZACIÓN
Ubicación ES-MaACL
Ubicación en estantería Depósito 1
Número de control de estantería A-15936
Anotaciones manuscritas Dedicatorias autógrafas de los coordinadores
Donativo/Legado Donación: Miguel Á. Cuesta Valentín, Francisco Mateo Vallejo
Encuadernación Encuadernación rústica con solapas
itemnumber 207067
942 ## - ELEMENTOS DE ENTRADA SECUNDARIOS (KOHA)
Tipo de ítem Koha Libro impreso
Suprimir en OPAC No
Holdings
Estatus retirado Estado de pérdida Fuente del sistema de clasificación o colocación Estado de daño No para préstamo Colección Biblioteca de origen Biblioteca actual Ubicación en estantería Fecha de adquisición Fuente de adquisición Total de préstamos Signatura topográfica completa Código de barras Visto por última vez Precio de reemplazo Tipo de ítem Koha Nota pública
    Clasificación decimal universal     Libros con dedicatorias Biblioteca del Ateneo de Madrid Biblioteca del Ateneo de Madrid Depósito 1 21/11/2025 Donación   A-15936 2026-0060 13/02/2026 13/02/2026 Libro impreso Dedicatoria autógrafa de los coordinadores